| 000 | 00437nam a22001577a 4500 | ||
|---|---|---|---|
| 020 | _a9788131721384 | ||
| 040 | _cNUST | ||
| 082 | _a658.5 HEI | ||
| 100 | _aHeizer, Jay | ||
| 110 |
_aRender, Barry. Rajashekhar, Jagadeesh, _9112252 |
||
| 245 | _aOperations Management | ||
| 250 | _a9th Edition | ||
| 260 |
_aNew Delhi: _bPearson Education, _c2009. |
||
| 650 |
_aProduction Management.Operations Management _9112286 |
||
| 942 |
_2ddc _cBK |
||
| 999 |
_c594726 _d594726 |
||